| Tag |
First Indicator |
Second Indicator |
Subfields |
| LEADER |
00000cam a2200000 a 4500 |
| 001 |
in00000013766 |
| 005 |
20151007052427.0 |
| 008 |
811106s1981 vaua 00110 eng |
| 035 |
|
|
|a (OCoLC)07912484
|
| 035 |
|
|
|9 AAA7735AM
|
| 040 |
|
|
|a DLC
|c PNC
|d TXA
|d UtOrBLW
|
| 049 |
|
|
|a TXAM
|c [A11031299]
|
| 050 |
|
4 |
|a TH4816
|b .T55 1981
|
| 110 |
2 |
|
|a Time-Life Books.
|
| 245 |
1 |
0 |
|a Adding on /
|c by the editors of Time-Life Books.
|
| 250 |
|
|
|a Revised 1981.
|
| 264 |
|
1 |
|a Alexandria, Va. :
|b Time-Life Books,
|c 1981.
|
| 300 |
|
|
|a 136 pages :
|b illustrations (some color) ;
|c 27 cm.
|
| 336 |
|
|
|a text
|b txt
|2 rdacontent
|
| 337 |
|
|
|a unmediated
|b n
|2 rdamedia
|
| 338 |
|
|
|a volume
|b nc
|2 rdacarrier
|
| 490 |
1 |
|
|a Home repair and improvement
|
| 500 |
|
|
|a Includes index.
|
| 650 |
|
0 |
|a Dwellings
|x Remodeling.
|
| 830 |
|
0 |
|a Home repair and improvement.
|
| 999 |
|
|
|a MARS
|
| 999 |
f |
f |
|s d3b87fc3-4cba-3299-bed9-454b75b4a163
|i c3b6a99b-7811-30c6-a40e-f7b3267447a0
|t 0
|
| 952 |
f |
f |
|p ric
|a Texas A&M University
|b Rellis Campus
|c Joint Library Facility
|s JLF
|d Remote Storage
|t 0
|e TH4816 .T55 1981
|h Library of Congress classification
|i unmediated -- volume
|m A14811031299
|
| 998 |
f |
f |
|a TH4816 .T55 1981
|t 0
|l Remote Storage
|